Paroles - Penser l'impossible - Mozart l'opéra rock - Statistiques

Statistiques générales
  • Ce quiz a été pris 13 fois
    3 depuis la dernière actualisation
  • Le résultat moyen est 153 sur 191
Statistiques - réponses
Réponse % Correct
100%
à
100%
Au
100%
au
100%
avant
100%
bout
100%
bout)
100%
crève
100%
d'
100%
de
100%
dès
100%
des
100%
dociles
100%
dorées
100%
douce
100%
et
100%
faciles
100%
fait
100%
folie
100%
idées
100%
Ils
100%
imbéciles
100%
impossible
100%
joyeux
100%
jusqu'au
100%
(Jusqu'au
100%
l'
100%
L'
100%
la
100%
La
100%
Les
100%
les
100%
leur
100%
Nos
100%
nos
100%
nous
100%
on
100%
ont
100%
Oser
100%
pantins
100%
Pauvres
100%
Penser
100%
permis
100%
poésie
100%
prisons
100%
promis
100%
que
100%
remord
100%
sans
100%
(sans
100%
Sans
100%
tord
100%
tout
100%
Tout
100%
un
100%
vies
100%
adorés
50%
aurore
50%
avancer
50%
(Avancer)
50%
Brûler
50%
brûler
50%
carnivores
50%
censure
50%
(cordes
50%
défaite)
50%
désirer
50%
devenus
50%
Encore
50%
ennui
50%
esprits
50%
fil
50%
fin
50%
fous
50%
gardiens
50%
genoux)
50%
Indécents
50%
ivoire)
50%
(jour
50%
jours
50%
Leurs
50%
nom
50%
nuits
50%
(privilèges)
50%
qui
50%
rêves
50%
Seuls
50%
seuls
50%
sont
50%
(sortilèges)
50%
sourds
50%
tête)
50%
Toujours
50%
tour
50%
(tour
50%
utopie
50%
voir)
50%
corps
0%
(courber
0%
court
0%
cous)
0%
essorent
0%
étranglées
0%
Fit
0%
piègent
0%
pour
0%
qu'ils
0%
valeurs
0%
Aucun quiz correspondant
Distribution des résultats
% des personnes avec chaque résultat
Percentile par nombre de réponses
Votre historique - résultats
Vous n’avez pas pris ce quiz depuis la dernière actualisation